000 01608nam0a22002891 4500
001 rc\3196993
005 20260406212311.0
021 _aRU
_b77-ОЭ-86/25
021 _aRU
_bРг8298-77
035 _a(NLR Aleph) 007343309
090 _a6132161
_c6132161
100 _a20120628d1976 |||y0rusy50 ca
101 0 _arus
102 _aRU
105 _ay z |||||
200 1 _aМетодическая разработка к программе производственно-технических курсов для прессовщиков изделий из пластмасс по теме "Технологический процесс получения изделий из пластмасс методом прессования"
_fНИИ техн.-экон. исследований. Науч.-метод. лаб. подготовки, повышения квалификации кадров, социол. исследований
210 _aМосква
_cБ. и.
_d1976
215 _a33 с.
_d20
300 _aНа обороте тит. л. сост.: В.Н. Кустов
320 _aБиблиогр.: с. 32
702 1 _aКустов
_bВ.Н.
_4220
712 0 2 _aНИИ техн.-экон. исследований М-ва хим. промышленности СССР
_bЛаборатория подготовки, повышения квалификации кадров и социологических исследований
_3RU\NLR\AUTH\889969652
_9435579
801 0 _aRU
_bNLR
_gpsbo
801 1 _aRU
_bELAR
_2rusmarc
852 _aNLR
_j77-4/18477
942 _cBOOK
980 _aNB